000 00627nam a2200241Ia 4500
003 OSt
005 20221007071312.0
006 a|||||r|||| 00| 0
007 ta
008 221006b |||||||| |||| 00| 0 eng d
024 _a3,575
037 _cTextual
040 _aFLL
_cFLL
_beng
041 _2eng
_aeng
082 _aZ3:4y7, J8
100 _aWright Cecil A.
_9688470
245 0 _aCases on the law of torts
250 _a2nd
260 _aLondon
_bButterworth & company ltd India
_c1958
650 _aLaw of torts
942 _hZ3:4y7, J8
_cTEXL
_2CC
999 _c1142988
_d1142988